| 000 | 00633nam a2200169 a 4500 | ||
|---|---|---|---|
| 008 | 120416s1986 ||||||||||||||||| || u | ||
| 020 | _a0070568928 | ||
| 050 | _aREF TJ 230 Sta | ||
| 100 | _aMischke, Charles R | ||
| 245 | 1 | 0 |
_aStandard handbook of machine design _cEditors, Joseph E. Shigley and Charles R. Mischke |
| 260 |
_aNew York _bMcGraw-Hill _c1986 |
||
| 300 | _avarious pagings | ||
| 350 | _a0.00 | ||
| 650 | _aMachinery -- Design -- Handbooks,manuals, etc | ||
| 700 | _aShigley, Joseph E | ||
| 995 |
_D0.00 _FCBU-MAIN LIBRARY (Kitwe) _H1 _I104.50 _UREFERENCE _ZReference Collection |
||
| 999 |
_c58164 _d58164 |
||